000 00417nam a22001457a 4500
005 20170926130322.0
008 170926b xxu||||| |||| 00| 0 eng d
040 _cPK-LaUMT
082 _aPKAC 297.082
_bIQB-I
100 _aIqbal Siddiqi , Muhammad
245 _aIslam forbids: free mixing of men and women/
_cMuhammad Iqbal Siddiqi
260 _aLahore:
_bKazi publications,
_c1983
300 _a164 p.
942 _cBK
999 _c98545
_d98545